000 00396nam a2200157Ia 4500
008 151213s9999 xx 000 0 und d
100 _aPr Raghukul Tilak
245 _aHistory of English Novel
_cPr Raghukul Tilak
250 _a1st
260 _aIndia
_bProkash Book Report
_c1971
300 _a4485 p.
650 _aCritics
650 _aEnglish
700 _aPr Raghukul Tilak
999 _c2860
_d2860